| 000 | 00631nam a2200193 a 4500 | ||
|---|---|---|---|
| 001 | 000020202 | ||
| 005 | 20240412074249.0 | ||
| 008 | 100727s2005 xxu r 000 p spa d | ||
| 040 |
_aDO-SdBNP _bspa _cBNPHU |
||
| 082 |
_aRD861.44 _bH641t |
||
| 100 | 1 |
_aMedina, Rafael Hilario, _d1959- _920618 |
|
| 245 | 1 | 0 |
_aTerritorio del alba : _bantología poética 1989-2004 / _cRafael Hilario Medina. |
| 260 |
_aNew York : _bDrakes-Solaris, _c2005. |
||
| 300 |
_a128 p. ; _c22 cm. |
||
| 590 | _aInventariado, 2018/BT | ||
| 650 | 0 |
_aPoesía dominicana _966 |
|
| 650 | 0 |
_aLiteratura dominicana. _967 |
|
| 910 | _aValidado. Control de calidad. EMS | ||
| 999 |
_c19709 _d19709 |
||